Embedded media processing /

A key technology enabling fast-paced embedded media processing developments is the high-performance, low-power, small-footprint convergent processor, a specialized device that combines the real-time control of a traditional microcontroller with the signal processing power of a DSP. This practical gu...

Full description

Bibliographic Details
Main Author: Katz, David J.
Other Authors: Gentile, Rick
Format: eBook
Language:English
Published: Burlington, MA : Elsevier/Newnes, [2005]
Series:Embedded technology series.
Subjects:
Online Access:Connect to the full text of this electronic book

MARC

Tag First Indicator Second Indicator Subfields
LEADER 00000cam a2200000Ia 4500
001 in00002425755
006 m d
007 cr cn|||||||||
008 070806s2006 maua sb 001 0 eng d
005 20260609193408.1
020 |a 9780750679121 
020 |a 0750679123 
035 |a (OCoLC)162593757 
037 |a 111665:111749  |b Elsevier Science & Technology  |n http://www.sciencedirect.com 
040 |a OPELS  |c OPELS  |d UtOrBLW 
049 |a TEFA 
050 1 4 |a TK5102.9  |b .K39 2006eb 
082 0 4 |a 004.16  |2 22 
100 1 |a Katz, David J. 
245 1 0 |a Embedded media processing /  |c by David J. Katz and Rick Gentile. 
264 1 |a Burlington, MA :  |b Elsevier/Newnes,  |c [2005] 
264 4 |c ©2005 
300 |a xxxi, 389 pages :  |b illustrations ;  |c 24 cm +  |e 1 CD-ROM (4 3/4 in.). 
336 |a text  |b txt  |2 rdacontent 
337 |a computer  |b c  |2 rdamedia 
338 |a online resource  |b cr  |2 rdacarrier 
490 1 |a Embedded technology series 
533 |a Electronic reproduction.  |b Amsterdam :  |c Elsevier Science & Technology,  |d 2007.  |n Mode of access: World Wide Web.  |n System requirements: Web browser.  |n Title from title screen (viewed on Aug. 2, 2007).  |n Access may be restricted to users at subscribing institutions. 
520 |a A key technology enabling fast-paced embedded media processing developments is the high-performance, low-power, small-footprint convergent processor, a specialized device that combines the real-time control of a traditional microcontroller with the signal processing power of a DSP. This practical guide is your one-stop shop for understanding how to implement this cutting-edge technology. You will learn how to: * Choose the proper processor for an application. * Architect your system to avoid problems at the outset. * Manage your data flows and memory accesses so that they line up properly * Make smart-trade-offs in portable applications between power considerations and computational performance. * Divide processing tasks across multiple cores. * Program frameworks that optimize performance without needlessly increasing programming model complexity. * Implement benchmarking techniques that will help you adapt a framework to best fit a target application, and much more! Covering the entire spectrum of EMP-related design issues, from easy-to-understand explanations of basic architecture and direct memory access (DMA), to in-depth discussions of code optimization and power management, this practical book will be an invaluable aid to every engineer working with EMP, from the beginner to the seasoned expert. * Comprehensive subject coverage with emphasis on practical application * Essential assembly language code included throughout text and on CD-ROM * Many real-world examples using Analog's popular Blackfin Processor architecture. 
505 0 |a What is an Embedded Media Processor (EMP)?; Memory Structures; Direct Memory Access (DMA); Memory Partitioning; Important Factors in Audio Processing; Important Factors in Video Processing; Media Processing Frameworks; Dynamic Power Management; Application Examples. 
504 |a Includes bibliographical references (pages 373-378) and index. 
500 |a Electronic resource. 
650 0 |a Signal processing  |x Digital techniques. 
650 0 |a Embedded computer systems. 
655 7 |a Electronic books.  |2 local 
700 1 |a Gentile, Rick. 
730 0 |a Referex. 
776 1 |c Original  |z 0750679123  |z 9780750679121  |w (DLC) 2005013672  |w (OCoLC)60421201 
830 0 |a Embedded technology series. 
856 4 0 |u http://proxy.library.tamu.edu/login?url=https://www.sciencedirect.com/science/book/9780750679121  |z Connect to the full text of this electronic book  |t 0 
994 |a C0  |b TEF 
999 |a MARS 
999 f f |s 543c03da-9212-3d66-bbbe-7f427120a814  |i 29e8fe71-57d2-3a5b-9e37-c84be1408758  |t 0 
952 f f |a Texas A&M University  |b College Station  |c Electronic Resources  |s www_evans  |d Available Online  |t 0  |e TK5102.9 .K39 2006eb  |h Library of Congress classification 
998 f f |a TK5102.9 .K39 2006eb  |t 0  |l Available Online